• 首页
  • 本馆介绍
  • 公告通知
  • 最新文献
  • 馆藏检索
  • 电子资源
  • 读者导购
  • 参考咨询
  • 我的图书馆
  • 登录
  • 详细信息显示
  • 放入我的书架
  • 预约/预借图书
  • 作者相关作品
  • 分类相关作品
  • 丛书相关作品
  • 出版社相关作品

书目信息

  • 表格格式
  • 工作单格式
  • 卡片格式
题名:
汽车构造与使用
    
 
作者: 刘艳莉 , 董长兴 , 李东兵 编
分册:  
出版信息: 北京   人民邮电出版社  2014.1
页数: 323页
开本: 26cm
丛书名:
单 册:
中图分类: U463 , U471.2
科图分类:
主题词: 汽车--构造--高等职业教育--教材 , 汽车--使用--高等职业教育--教材 , 汽车
电子资源:
ISBN: 978-7-115-28754-0
000 01253nam0 2200337 450
001 0400003973
005 20171025162449.65
010    @a978-7-115-28754-0@dCNY43.00
090    @aU463@blyl
100    @a20140429e20162014em y0chiy50 ea
101 0  @achi
102    @aCN@b110000
105    @aa z 000yy
106    @ar
200 1  @a汽车构造与使用@9qi che gou zao yu shi yong@dAutomobile structure and application@f刘艳莉,董长兴,李东兵编@zeng
205    @a第2版
210    @a北京@c人民邮电出版社@d2014.1@h2016.11
215    @a323页@c图@d26cm
300    @a职业院校汽车类“十二五”规划教材 工业和信息化高职高专“十二五”规划教材立项项目
330    @a本书系统地阐述现代汽车的基本结构、工作原理及正确使用与维护。内容包括发动机、底盘、电气系统、车身的基本结构和工作原理,汽车整车的基本性能及各种条件下的正确使用。
510 1  @aAutomobile structure and application@zeng
606 0  @a汽车@x构造@x高等职业教育@j教材
606 0  @a汽车@x使用@x高等职业教育@j教材
606 0  @a汽车
690    @aU463@v5
690    @aU471.2@v5
701  0 @a刘艳莉@9liu yan li@c(汽车工程)@4编
701  0 @a董长兴@9dong chang xing@4编
701  0 @a李东兵@9li dong bing@c(汽车工程)@4编
801  0 @aCN@bNLC@c20171023
905    @b1027541-5@dU463@f5@e497=2
    
    汽车构造与使用=Automobile structure and application/刘艳莉,董长兴,李东兵编.-第2版.-北京:人民邮电出版社,2014.1(2016.11)
    323页:图;26cm
    职业院校汽车类“十二五”规划教材 工业和信息化高职高专“十二五”规划教材立项项目
    
    ISBN 978-7-115-28754-0:CNY43.00
    本书系统地阐述现代汽车的基本结构、工作原理及正确使用与维护。内容包括发动机、底盘、电气系统、车身的基本结构和工作原理,汽车整车的基本性能及各种条件下的正确使用。
●
相关链接 在E读中查询图书 在五车中查询图书 在当当中查询图书 在豆瓣中查询图书


正题名:汽车构造与使用     索取号:U463/497=2         预约/预借

序号 登录号 条形码 馆藏地/架位号 状态 备注
1 1027541   210275414   第二样本阅览室/ [索取号:U463/497=2] 在馆    
2 1027542   210275423   密集书库-物理学院/ [索取号:U463/497=2] 在馆    
3 1027543   210275432   第三借阅区/ [索取号:U463/497=2] 在馆    
4 1027544   210275441   第三借阅区/ [索取号:U463/497=2] 在馆    
5 1027545   210275450   第三借阅区/ [索取号:U463/497=2] 在馆    
唐山师范学院图书馆 欢迎您!
大连网信软件有限公司© 版权所有